Organic Chemistry (Record no. 8727)
[ view plain ]
| 000 -LEADER | |
|---|---|
| fixed length control field | 01194nam a22001817a 4500 |
| 003 - CONTROL NUMBER IDENTIFIER | |
| control field | OSt |
| 008 - FIXED-LENGTH DATA ELEMENTS--GENERAL INFORMATION | |
| fixed length control field | 200708b ||||| |||| 00| 0 eng d |
| 020 ## - INTERNATIONAL STANDARD BOOK NUMBER | |
| International Standard Book Number | 9780940780422 |
| 082 ## - DEWEY DECIMAL CLASSIFICATION NUMBER | |
| Classification number | 547 |
| 100 ## - MAIN ENTRY--PERSONAL NAME | |
| Personal name | DAVIS, A.Gene |
| 245 ## - TITLE STATEMENT | |
| Title | Organic Chemistry |
| 250 ## - EDITION STATEMENT | |
| Edition statement | 1st (November 1, 2013) |
| 260 ## - PUBLICATION, DISTRIBUTION, ETC. (IMPRINT) | |
| Place of publication, distribution, etc | New Delhi |
| Name of publisher, distributor, etc | Scientific Publishing Services Pvt Ltd |
| 300 ## - PHYSICAL DESCRIPTION | |
| Extent | Pg. 206, Dimensions: 8.8 x 0.5 x 11.2 inches |
| 500 ## - GENERAL NOTE | |
| General note | A clear, concise overview of the most important principles and reactions in Organic Chemistry. The purpose of this book is to help make the understanding of organic chemistry successful, easier, and even enjoyable! The approach assumes that organic chemistry is based on a firm foundation of simple and intuitive principles, and that new information can be incorporated, and problems can be solved, by directly applying these basic principles.<br/><br/>Emphasizes understanding over rote memorization and facilitates the rapid and enjoyable learning of this difficult subject. Ideal for all undergraduate college Organic Chemistry courses or as a brush up to assist understanding in med school biochemistry. |
| 650 ## - SUBJECT ADDED ENTRY--TOPICAL TERM | |
| Topical term or geographic name as entry element | Pharmaceutical Organic Chemistory |
| 942 ## - ADDED ENTRY ELEMENTS (KOHA) | |
| Source of classification or shelving scheme | Dewey Decimal Classification |
| Koha item type | Text Books |
| Withdrawn status | Lost status | Source of classification or shelving scheme | Damaged status | Not for loan | Collection code | Home library | Current library | Date acquired | Source of acquisition | Currency | Cost, normal purchase price | Bill Number | Total Checkouts | Full call number | Acc. no. / Barcode | Date last seen | Actual Cost, discounted price | Bill Date | Koha item type |
|---|---|---|---|---|---|---|---|---|---|---|---|---|---|---|---|---|---|---|---|
| Dewey Decimal Classification | B.Pharma | PIET C-LIBRARY | PIET C-LIBRARY | 01/02/2020 | Kirti Prakashan | IN Rupees | 350.00 | IN6239 | 547 | BP781 | 08/07/2020 | 245.00 | 01/02/2020 | Reference Books | |||||
| Dewey Decimal Classification | B.Pharma | PIET C-LIBRARY | PIET C-LIBRARY | 01/02/2020 | Kirti Prakashan | IN Rupees | 350.00 | IN6239 | 547 | BP782 | 08/07/2020 | 245.00 | 01/02/2020 | Text Books |